Notas en torno al estudio (Record no. 53631)

000 -CABECERA
campo de control de longitud fija 00651nab#a2200229#c#4500
003 - IDENTIFICADOR DEL NÚMERO DE CONTROL
campo de control IEF
005 - FECHA Y HORA DE LA ÚLTIMA TRANSACCIÓN
campo de control 20191205101812.0
008 - CÓDIGOS DE INFORMACIÓN DE LONGITUD FIJA
campo de control de longitud fija 950704s1976 uuu|| #####0 b| |u
040 ## - FUENTE DE LA CATALOGACIÓN
Centro catalogador de origen IEF
Centro transcriptor ES-MaIEF
100 1# - PUNTO DE ACCESO PRINCIPAL - NOMBRE DE PERSONA
Nombre de persona Espina Montero, Alvaro
9 (RLIN) 14658
245 ## - MENCIÓN DE TÍTULO
Título Notas en torno al estudio
Resto del título "La Banca española en la Restauración"
Mención de responsabilidad etc. Álvaro Espina Montero
260 ## - PUBLICACIÓN, DISTRIBUCIÓN, ETC. (PIE DE IMPRENTA)
Fecha de publicación distribución etc. 1976
500 ## - NOTA GENERAL
Nota general Bibliografía
650 #4 - PUNTO DE ACCESO ADICIONAL DE MATERIA--TÉRMINO DE MATERIA
Término de materia o nombre geográfico como elemento inicial HISTORIA ECONOMICA
9 (RLIN) 45401
650 #4 - PUNTO DE ACCESO ADICIONAL DE MATERIA--TÉRMINO DE MATERIA
Término de materia o nombre geográfico como elemento inicial ESPAÑA
9 (RLIN) 41092
650 #4 - PUNTO DE ACCESO ADICIONAL DE MATERIA--TÉRMINO DE MATERIA
Término de materia o nombre geográfico como elemento inicial BANCA
9 (RLIN) 32250
650 #4 - PUNTO DE ACCESO ADICIONAL DE MATERIA--TÉRMINO DE MATERIA
Término de materia o nombre geográfico como elemento inicial SIGLO XIX
9 (RLIN) 48415
773 0# - ENLACE AL DOCUMENTO FUENTE
Título Hacienda pública española
Número de control del registro relacionado 34570
Parte(s) relacionada(s) 38, p. 255-263
942 ## - ELEMENTOS DE PUNTO DE ACCESO ADICIONAL (KOHA)
Fuente del sistema de clasificación o colocación
942 ## - ELEMENTOS DE PUNTO DE ACCESO ADICIONAL (KOHA)
Fuente del sistema de clasificación o colocación
Holdings
Estado de retiro Estado de pérdida Estado dañado No para préstamo Localización permanente Fecha de adquisición Signatura topográfica completa Código de barras Fecha visto por última vez Precio válido a partir de Tipo de ítem Koha
      Disponible para préstamo IEF 1995-07-04 HPE/1976/38-17 HPE/1976/38-17 2018-02-19 2018-02-19 Artículos

Powered by Koha